Los pueblos hispanoamericanos en el siglo XX. (Record no. 30700)

MARC details
000 -LEADER
campo de control de longitud fija 00807nam a2200205 i 4500
001 - NÚMERO DE CONTROL
campo de control 30700
003 - IDENTIFICADOR DE NÚMERO DE CONTROL
campo de control ES-MaACL
005 - FECHA Y HORA DE LA ÚLTIMA TRANSACCIÓN
campo de control 20250728051241.0
007 - CAMPO FIJO DE DESCRIPCIÓN FÍSICA--INFORMACIÓN GENERAL
campo de control de longitud fija t|
008 - DATOS DE LONGITUD FIJA--INFORMACIÓN GENERAL
campo de control de longitud fija 030127s1910 sp ||||1| spa d
080 ## - NÚMERO DE LA CLASIFICACIÓN DECIMAL UNIVERSAL
Número de la Clasificación Decimal Universal 908(8=134.2)
100 1# - ENTRADA PRINCIPAL--NOMBRE DE PERSONA
Nombre de persona Beltrán y Rózpide, Ricardo.
9 (RLIN) 27381
245 14 - MENCIÓN DEL TÍTULO
Título Los pueblos hispanoamericanos en el siglo XX.
Número de parte o sección de la obra III,
Nombre de parte o sección de la obra Tercer trienio, 1907-1909 /
Mención de responsabilidad, etc. por Ricardo Beltrán y Rózpide.
260 ## - PUBLICACIÓN, DISTRIBUCIÓN, ETC.
Lugar de publicación, distribución, etc. Madrid :
Nombre del editor, distribuidor, etc. [s.n.],
Fecha de publicación, distribución, etc. 1910 (
Fabricante Imp. de Administración Militar)
300 ## - DESCRIPCIÓN FÍSICA
Extensión 1 v. (285 p.) ;
Dimensiones 22 cm.
594 ## - Nota al título y mención de responsabilidad
Nota al título y mención de responsabilidad En port.: Refundición y ampliación de las "Revistas hispanoamericanas" publicadas por el autor en "La Ilustración artística", de Barcelona.
651 #4 - PUNTO DE ACCESO ADICIONAL DE MATERIA--NOMBRE GEOGRÁFICO
Nombre geográfico América Latina-
Subdivisión general Descripción
9 (RLIN) 7745
852 ## - LOCALIZACIÓN
Ubicación ES-MaACL
Número de control de estantería T-1377-F-4
Holdings
Estatus retirado Estado de pérdida Estado de daño No para préstamo Colección Biblioteca de origen Biblioteca actual Ubicación en estantería Fecha de adquisición Fuente de adquisición Total de préstamos Signatura topográfica completa Código de barras Visto por última vez Precio de reemplazo Tipo de ítem Koha
        Colección de folletos Biblioteca del Ateneo de Madrid Biblioteca del Ateneo de Madrid Depósito folletos 17/01/2008     T-1377-F-4 1031705 23/02/2023 23/02/2023 Folleto